Maliar a grafik Jozef Čejka zomrel 24. marca v Prahe starý 56 rokov

Bibliographic Details
Format: Article
Language:Slovak
Subjects:

MARC

LEADER 00000nab a22000001a 4500
001 vtls008997864
003 SK-MaSNL
005 20260303065823.0
008 070611d193204 xo |r|p|||| |000 b|slo
015 |a SNBRRBVU1918-1938 
038 |a SNKBUCL 
038 |a SNKBUVU 
040 |a SNKBUVU  |b slo  |c SNKBUCL  |e AACR2 
041 0 |a slo 
044 |a xo  |c SK 
080 |a 75.071.1  |2 1997 
080 |a 929 Čejka, Jozef  |2 1997 
245 0 0 |a Maliar a grafik Jozef Čejka zomrel 24. marca v Prahe starý 56 rokov 
500 |a V rubrike Jubileá 
500 |a Čejka, Josef - čes. maliar, kresliar a grafik (28.7.1886 Klatovy - 25.3.1932 Praha) 
600 1 7 |a Čejka, Josef,  |d 1886-1932  |2 MM  |9 102768 
655 7 |a nekrológy  |2 MM  |9 402542 
773 0 |t Prúdy  |g Roč. 16, č. 4 (1932), s. 254 
852 |a SNK  |b KIS3GCP 
910 |a snkrbvumm 
958 |a VY 
958 |a CZ 
958 |a BC 
999 |c 1752850  |d 1754780